| 000 | 01065nam a22003257a 4500 | ||
|---|---|---|---|
| 001 | BR0303452 | ||
| 003 | BR-BrBNA | ||
| 005 | 20230928101323.0 | ||
| 007 | ta | ||
| 008 | 230509b bl.||||| |||| 00| 0 por d | ||
| 040 |
_aBR-BrBNA _bpor _cBiblioteca Nacional de Agricultura |
||
| 041 | _a(Por) | ||
| 072 | _aE12 | ||
| 090 | _ E12 BR0303452 | ||
| 100 | 1 | _aHilgemberg, C.M. de A.T. | |
| 110 | 1 |
_aEscola Superior de Agricultura Luiz de Queiroz, Piracicaba, SP (Brasil) _0Tese (Doutor em Ciências) |
|
| 245 | 1 | _aEfeitos da abertura comercial e das mudanças estruturais sobre o emprego na economia brasileira: uma análise para a década de 1990 | |
| 260 | 3 |
_aPiracicaba, SP (Brasil): _c2003. |
|
| 300 | _a180 p. | ||
| 500 | _aSummaries (Eng, Por); Bibliography p. 176-180; 12 illus.; 8 tables | ||
| 650 | _aECONOMIA | ||
| 650 | _aEMPREGO | ||
| 650 | _aPREÇO | ||
| 650 | _aMERCADO DE TRABALHO | ||
| 650 | _aMÃO-DE-OBRA | ||
| 650 | _aFATOR DE PRODUÇÃO | ||
| 650 | _aANÁLISE ECONÔMICA | ||
| 909 |
_a202309 _bLucia _c55 _dLucia Elande |
||
| 942 | _cBK | ||
| 999 |
_c65246 _d65246 |
||